[Event "DVM U20w 2020"]
[Site "Willingen GER"]
[Date "2021.06.25"]
[Round "4"]
[White "Oberhofer, Marie"]
[Black "Wilmink, Anna"]
[Result "1/2-1/2"]
[Termination "normal"]
[Board "3.3"]
[WhiteElo "1771"]
[BlackElo "1552"]
[WhiteClock "00:21:27"]
[BlackClock "00:19:48"]
[WhiteTeam "SC Bavaria Regensburg von 1881 e.V."]
[BlackTeam "SK Nordhorn-Blanke"]
[PlyCount "88"]
[WhiteFideId "12938165"]
[BlackFideId "16273680"]
[EventCountry "GER"]
[EventRounds "7"]
[EventType "team-swiss"]
[EventDate "2021.06.23"]

1. e4 {[%clk 01:30:56]  [%emt 00:00:04]} 1... e5 { [%clk 01:30:53]  [%emt
00:00:06]} 2. Nf3 {[%clk 01:31:21]  [%emt 00:00:06]} 2... Nf6 {[%clk 01:31:14] 
[%emt 00:00:09]} 3. d4 { [%clk 01:31:44]  [%emt 00:00:07]} 3... exd4 {[%clk
01:28:24]  [%emt 00:03:20]} 4. e5 {[%clk 01:31:26]  [%emt 00:00:48]} 4... Ne4 {
[%clk 01:25:06]  [%emt 00:03:48]} 5. Qxd4 {[%clk 01:24:24]  [%emt 00:07:33]}
5... d5 {[%clk 01:19:33]  [%emt 00:06:03]} 6. exd6 { [%clk 01:24:23]  [%emt
00:00:31]} 6... Nxd6 {[%clk 01:19:14]  [%emt 00:00:49]} 7. Bg5 {[%clk 01:22:39]
 [%emt 00:02:14]} 7... f6 { [%clk 01:17:02]  [%emt 00:02:42]} 8. Bf4 {[%clk
01:18:27]  [%emt 00:04:42]} 8... Nc6 {[%clk 01:14:28]  [%emt 00:03:04]} 9. Qd2
{ [%clk 01:08:00]  [%emt 00:10:57]} 9... Bf5 {[%clk 01:11:08]  [%emt 00:03:50]}
10. Nc3 {[%clk 00:58:30]  [%emt 00:10:00]} 10... Qe7+ { [%clk 01:07:19]  [%emt
00:04:19]} 11. Be3 {[%clk 00:55:29]  [%emt 00:03:31]} 11... O-O-O {[%clk
01:06:06]  [%emt 00:01:42]} 12. Qe2 { [%clk 00:39:27]  [%emt 00:16:32]} 12...
g5 {[%clk 01:00:50]  [%emt 00:05:47]} 13. O-O-O {[%clk 00:36:15]  [%emt
00:03:42]} 13... h5 { [%clk 00:58:04]  [%emt 00:03:17]} 14. Nd4 {[%clk
00:35:00]  [%emt 00:01:44]} 14... Nxd4 {[%clk 00:55:33]  [%emt 00:03:01]} 15.
Rxd4 { [%clk 00:33:55]  [%emt 00:01:34]} 15... Bg7 {[%emt 00:11:02]} 16. Nb5 {
[%clk 00:27:17]} 16... Nxb5 {[%clk 00:48:47]  [%emt 00:03:53]} 17. Qxb5 { [%clk
00:25:54]  [%emt 00:01:54]} 17... Rxd4 {[%clk 00:45:05]  [%emt 00:04:11]} 18.
Qxf5+ {[%clk 00:24:07]  [%emt 00:02:17]} 18... Kb8 { [%clk 00:40:05]  [%emt
00:05:30]} 19. Bd3 {[%clk 00:21:41]  [%emt 00:02:56]} 19... Rdd8 {[%clk
00:37:22]  [%emt 00:03:14]} 20. Qa5 { [%clk 00:20:30]  [%emt 00:01:40]} 20...
b6 {[%clk 00:34:34]  [%emt 00:03:19]} 21. Qa4 {[%clk 00:18:30]  [%emt
00:02:29]} 21... f5 { [%clk 00:30:05]  [%emt 00:05:00]} 22. Qb5 {[%clk
00:14:49]  [%emt 00:04:10]} 22... f4 {[%clk 00:23:32]  [%emt 00:07:04]} 23. Bd2
{ [%clk 00:14:54]  [%emt 00:00:24]} 23... Qc5 {[%clk 00:22:06]  [%emt
00:01:56]} 24. Qxc5 {[%clk 00:14:30]  [%emt 00:00:55]} 24... bxc5 { [%clk
00:22:09]  [%emt 00:00:27]} 25. Bb5 {[%clk 00:13:57]  [%emt 00:01:02]} 25...
Rd6 {[%clk 00:20:04]  [%emt 00:02:36]} 26. Ba5 { [%clk 00:11:07]  [%emt
00:03:20]} 26... Rhd8 {[%clk 00:17:46]  [%emt 00:02:48]} 27. Re1 {[%clk
00:09:54]  [%emt 00:01:42]} 27... Bd4 { [%clk 00:14:37]  [%emt 00:03:41]} 28.
b3 {[%clk 00:05:48]  [%emt 00:04:36]} 28... Bf6 {[%clk 00:07:22]  [%emt
00:07:45]} 29. Bd3 { [%clk 00:05:23]  [%emt 00:00:54]} 29... h4 {[%clk
00:05:26]  [%emt 00:02:28]} 30. f3 {[%clk 00:05:28]  [%emt 00:00:24]} 30... Kc8
{ [%clk 00:04:19]  [%emt 00:01:37]} 31. Bf5+ {[%clk 00:05:50]  [%emt 00:00:07]}
31... Kb8 {[%clk 00:04:15]  [%emt 00:00:33]} 32. Bd3 { [%clk 00:05:52]  [%emt
00:00:28]} 32... Rg8 {[%clk 00:03:17]  [%emt 00:01:28]} 33. h3 {[%clk 00:06:05]
 [%emt 00:00:17]} 33... Rgd8 { [%clk 00:02:33]  [%emt 00:01:14]} 34. a4 {[%clk
00:04:28]  [%emt 00:02:07]} 34... Rc8 {[%clk 00:02:11]  [%emt 00:00:54]} 35.
Kb1 { [%clk 00:03:44]  [%emt 00:01:12]} 35... Kb7 {[%clk 00:01:24]  [%emt
00:01:17]} 36. Ka2 {[%clk 00:03:30]  [%emt 00:00:43]} 36... Rcd8 { [%clk
00:01:16]  [%emt 00:00:38]} 37. Re2 {[%clk 00:02:20]  [%emt 00:01:40]} 37...
Rxd3 {[%clk 00:00:36]  [%emt 00:01:11]} 38. cxd3 { [%clk 00:02:37]  [%emt
00:00:12]} 38... Rxd3 {[%clk 00:01:00]  [%emt 00:00:07]} 39. Re6 {[%clk
00:02:33]  [%emt 00:00:33]} 39... Bd8 { [%clk 00:00:35]  [%emt 00:00:55]} 40.
Kb2 {[%clk 00:01:26]  [%emt 00:01:36]} 40... Re3 {[%clk 00:00:37]  [%emt
00:00:29]} 41. Re4 { [%clk 00:27:57]  [%emt 00:03:58]} 41... Kc6 {[%clk
00:26:05]  [%emt 00:05:03]} 42. Rxe3 {[%clk 00:21:53]  [%emt 00:06:34]} 42...
fxe3 { [%clk 00:25:49]  [%emt 00:00:46]} 43. Kc2 {[%clk 00:22:15]  [%emt
00:00:07]} 43... Bf6 {[%clk 00:23:22]  [%emt 00:02:58]} 44. Kd3 { [%clk
00:21:27]  [%emt 00:01:17]} 44... Bd4 {[%clk 00:19:48]  [%emt 00:04:05]}
1/2-1/2

[Event "DVM U20w 2020"]
[Site "Willingen GER"]
[Date "2021.06.25"]
[Round "4"]
[White "Wolterink, Jule"]
[Black "Pavlov, Liliane"]
[Result "0-1"]
[Termination "normal"]
[Board "3.4"]
[WhiteElo "1441"]
[BlackElo "1740"]
[WhiteClock "00:28:09"]
[BlackClock "00:30:02"]
[WhiteTeam "SK Nordhorn-Blanke"]
[BlackTeam "SC Bavaria Regensburg von 1881 e.V."]
[PlyCount "88"]
[WhiteFideId "12981206"]
[BlackFideId "16225449"]
[EventCountry "GER"]
[EventRounds "7"]
[EventType "team-swiss"]
[EventDate "2021.06.23"]

1. d4 {[%clk 01:30:58]  [%emt 00:00:02]} 1... Nf6 { [%clk 01:30:51]  [%emt
00:00:10]} 2. Nf3 {[%clk 01:30:57]  [%emt 00:00:30]} 2... e6 {[%clk 01:30:25] 
[%emt 00:00:56]} 3. e3 { [%clk 01:31:15]  [%emt 00:00:13]} 3... b6 {[%clk
01:29:40]  [%emt 00:01:15]} 4. c3 {[%clk 01:31:24]  [%emt 00:00:20]} 4... Bb7 {
[%clk 01:29:36]  [%emt 00:00:34]} 5. Bd3 {[%clk 01:31:28]  [%emt 00:00:26]}
5... c5 {[%clk 01:28:02]  [%emt 00:02:06]} 6. Nbd2 { [%clk 01:31:08]  [%emt
00:00:50]} 6... Nc6 {[%clk 01:24:26]  [%emt 00:04:05]} 7. O-O {[%clk 01:30:14] 
[%emt 00:01:25]} 7... Bd6 { [%clk 01:21:32]  [%emt 00:03:24]} 8. e4 {[%clk
01:27:07]  [%emt 00:03:37]} 8... cxd4 {[%clk 01:21:00]  [%emt 00:01:03]} 9.
cxd4 { [%clk 01:26:39]  [%emt 00:00:57]} 9... Be7 {[%clk 01:19:45]  [%emt
00:01:45]} 10. Re1 {[%clk 01:23:34]  [%emt 00:03:34]} 10... O-O { [%clk
01:16:54]  [%emt 00:03:20]} 11. Nc4 {[%clk 01:21:25]  [%emt 00:02:40]} 11...
Nb4 {[%clk 01:08:24]  [%emt 00:08:59]} 12. e5 { [%clk 01:14:25]  [%emt
00:07:30]} 12... Nxd3 {[%clk 01:04:35]  [%emt 00:04:20]} 13. Qxd3 {[%clk
01:14:43]  [%emt 00:00:12]} 13... Ne8 { [%clk 01:02:43]  [%emt 00:02:22]} 14.
Bd2 {[%clk 01:10:54]  [%emt 00:04:18]} 14... d6 {[%clk 00:58:56]  [%emt
00:04:18]} 15. Qe2 { [%clk 01:06:53]  [%emt 00:04:31]} 15... Ba6 {[%clk
00:55:09]  [%emt 00:04:17]} 16. exd6 {[%clk 00:58:06]  [%emt 00:09:16]} 16...
Nxd6 { [%clk 00:54:36]  [%emt 00:01:03]} 17. b3 {[%clk 00:58:14]  [%emt
00:00:23]} 17... Rc8 {[%clk 00:52:16]  [%emt 00:02:50]} 18. Rac1 { [%clk
00:51:01]  [%emt 00:07:43]} 18... Nf5 {[%clk 00:34:54]  [%emt 00:17:52]} 19.
Be3 {[%clk 00:46:21]  [%emt 00:05:09]} 19... Qd5 { [%clk 00:20:59]  [%emt
00:14:25]} 20. Nxb6 {[%clk 00:29:29]  [%emt 00:17:22]} 20... Rxc1 {[%clk
00:15:20]  [%emt 00:06:09]} 21. Bxc1 { [%clk 00:29:43]  [%emt 00:00:16]} 21...
Bxe2 {[%clk 00:13:05]  [%emt 00:02:45]} 22. Nxd5 {[%clk 00:30:07]  [%emt
00:00:06]} 22... Bxf3 { [%clk 00:12:52]  [%emt 00:00:43]} 23. Nxe7+ {[%clk
00:30:22]  [%emt 00:00:16]} 23... Nxe7 {[%clk 00:13:16]  [%emt 00:00:05]} 24.
gxf3 { [%clk 00:30:47]  [%emt 00:00:05]} 24... Nf5 {[%clk 00:13:11]  [%emt
00:00:35]} 25. Re4 {[%clk 00:28:10]  [%emt 00:03:07]} 25... Rd8 { [%clk
00:11:48]  [%emt 00:01:54]} 26. Be3 {[%clk 00:27:13]  [%emt 00:01:26]} 26...
Kf8 {[%clk 00:08:35]  [%emt 00:03:43]} 27. Kf1 { [%clk 00:23:06]  [%emt
00:04:38]} 27... Nd6 {[%clk 00:06:59]  [%emt 00:02:06]} 28. Re5 {[%clk
00:22:19]  [%emt 00:01:18]} 28... Nf5 { [%clk 00:05:38]  [%emt 00:01:49]} 29.
d5 {[%clk 00:19:02]  [%emt 00:03:47]} 29... Nxe3+ {[%clk 00:04:21]  [%emt
00:01:47]} 30. fxe3 { [%clk 00:19:18]  [%emt 00:00:15]} 30... exd5 {[%clk
00:03:22]  [%emt 00:01:29]} 31. Ke2 {[%clk 00:18:10]  [%emt 00:01:38]} 31...
Rd6 { [%clk 00:03:27]  [%emt 00:00:25]} 32. Kd3 {[%clk 00:15:06]  [%emt
00:03:35]} 32... Rh6 {[%clk 00:01:39]  [%emt 00:02:17]} 33. Rxd5 { [%clk
00:14:35]  [%emt 00:01:01]} 33... Rxh2 {[%clk 00:02:01]  [%emt 00:00:08]} 34.
Ra5 {[%clk 00:14:29]  [%emt 00:00:37]} 34... h5 { [%clk 00:02:21]  [%emt
00:00:10]} 35. Rxa7 {[%clk 00:14:10]  [%emt 00:00:49]} 35... g5 {[%clk
00:02:04]  [%emt 00:00:46]} 36. Ra5 { [%clk 00:07:24]  [%emt 00:07:17]} 36...
f6 {[%clk 00:02:07]  [%emt 00:00:28]} 37. Ra4 {[%clk 00:03:51]  [%emt
00:04:04]} 37... Rg2 { [%clk 00:01:51]  [%emt 00:00:45]} 38. Rc4 {[%clk
00:02:24]  [%emt 00:01:57]} 38... h4 {[%clk 00:01:02]  [%emt 00:01:19]} 39. Rc1
{ [%clk 00:02:32]  [%emt 00:00:22]} 39... h3 {[%clk 00:01:24]  [%emt 00:00:09]}
40. Rh1 {[%clk 00:02:14]  [%emt 00:00:47]} 40... h2 { [%clk 00:01:26]  [%emt
00:00:27]} 41. a4 {[%clk 00:02:14]  [%emt 00:00:31]} 41... f5 {[%clk 00:01:45] 
[%emt 00:00:09]} 42. e4 { [%clk 00:01:05]  [%emt 00:01:40]} 42... g4 {[%clk
00:01:50]  [%emt 00:00:25]} 43. fxg4 {[%clk 00:28:36]  [%emt 00:03:00]} 43...
fxg4 { [%clk 00:29:43]  [%emt 00:02:37]} 44. Ke3 {[%clk 00:28:09]  [%emt
00:00:56]} 44... g3 {[%clk 00:30:02]  [%emt 00:00:10]} 0-1

[Event "DVM U20w 2020"]
[Site "Willingen GER"]
[Date "2021.06.25"]
[Round "4"]
[White "Sickmann, Lisa"]
[Black "Reinecke, Katharina"]
[Result "0-1"]
[Termination "normal"]
[Board "4.1"]
[WhiteElo "1510"]
[BlackElo "1950"]
[WhiteClock "01:02:18"]
[BlackClock "00:01:40"]
[WhiteTeam "Lübecker SV von 1873"]
[BlackTeam "SK Langen"]
[PlyCount "164"]
[WhiteFideId "16267818"]
[BlackFideId "12929727"]
[EventCountry "GER"]
[EventRounds "7"]
[EventType "team-swiss"]
[EventDate "2021.06.23"]

1. e4 {[%clk 01:30:58]  [%emt 00:00:02]} 1... c6 { [%clk 01:30:55]  [%emt
00:00:05]} 2. d4 {[%clk 01:31:19]  [%emt 00:00:09]} 2... d5 {[%clk 01:31:18] 
[%emt 00:00:07]} 3. Nc3 {[%clk 01:31:45]  [%emt 00:00:04]} 3... b5 {[%clk
01:30:45]  [%emt 00:01:03]} 4. exd5 { [%clk 01:31:35]  [%emt 00:00:40]} 4... b4
{[%clk 01:30:59]  [%emt 00:00:16]} 5. Ne4 {[%clk 01:31:15]  [%emt 00:00:50]}
5... cxd5 { [%clk 01:30:49]  [%emt 00:00:39]} 6. Nc5 {[%clk 01:31:11]  [%emt
00:00:33]} 6... e6 {[%clk 01:12:11]  [%emt 00:19:09]} 7. Bb5+ { [%clk 01:28:48]
 [%emt 00:02:53]} 7... Bd7 {[%clk 01:11:38]  [%emt 00:01:04]} 8. Nxd7 {[%clk
01:28:37]  [%emt 00:00:40]} 8... Nxd7 { [%clk 01:11:56]  [%emt 00:00:12]} 9.
Bf4 {[%clk 01:28:48]  [%emt 00:00:18]} 9... Rc8 {[%clk 00:50:00]  [%emt
00:22:27]} 10. Nf3 { [%clk 01:23:53]  [%emt 00:05:24]} 10... Ngf6 {[%clk
00:47:23]  [%emt 00:03:08]} 11. Ne5 {[%clk 01:19:12]  [%emt 00:05:11]} 11...
Qb6 { [%clk 00:38:08]  [%emt 00:09:45]} 12. Qd3 {[%clk 01:15:41]  [%emt
00:04:00]} 12... Bd6 {[%clk 00:33:00]  [%emt 00:05:39]} 13. O-O { [%clk
01:07:30]  [%emt 00:08:40]} 13... Rc7 {[%clk 00:29:35]  [%emt 00:03:55]} 14. a4
{[%clk 00:53:12]  [%emt 00:14:49]} 14... a5 { [%clk 00:21:21]  [%emt 00:08:45]}
15. Qg3 {[%clk 00:46:50]  [%emt 00:06:48]} 15... Bxe5 {[%clk 00:10:54]  [%emt
00:10:59]} 16. Bxe5 { [%clk 00:46:19]  [%emt 00:01:00]} 16... Rc8 {[%clk
00:05:22]  [%emt 00:06:02]} 17. Qxg7 {[%clk 00:44:17]  [%emt 00:02:33]} 17...
Ke7 { [%clk 00:05:34]  [%emt 00:00:20]} 18. Qg5 {[%clk 00:44:14]  [%emt
00:00:31]} 18... Rhg8 {[%clk 00:04:30]  [%emt 00:01:36]} 19. Qh4 { [%clk
00:44:29]  [%emt 00:00:13]} 19... Rg4 {[%clk 00:03:43]  [%emt 00:01:19]} 20.
Qh3 {[%clk 00:44:01]  [%emt 00:00:57]} 20... Rcg8 { [%clk 00:03:27]  [%emt
00:00:47]} 21. c3 {[%clk 00:40:21]  [%emt 00:04:10]} 21... Nxe5 {[%clk
00:02:54]  [%emt 00:01:03]} 22. dxe5 { [%clk 00:40:18]  [%emt 00:00:32]} 22...
Ne4 {[%clk 00:02:38]  [%emt 00:00:46]} 23. cxb4 {[%clk 00:40:02]  [%emt
00:00:45]} 23... axb4 { [%clk 00:02:27]  [%emt 00:00:42]} 24. Rac1 {[%emt
00:01:31]} 24... Rf4 { [%clk 00:00:57]  [%emt 00:01:55]} 25. Qe3 {[%clk
00:38:11]  [%emt 00:01:24]} 25... Qxe3 {[%clk 00:00:45]  [%emt 00:00:43]} 26.
fxe3 { [%clk 00:38:19]  [%emt 00:00:23]} 26... Rxf1+ {[%clk 00:00:41]  [%emt
00:00:35] } 27. Kxf1 {[%clk 00:38:00]  [%emt 00:00:49]} 27... Nd2+ { [%clk
00:00:57]  [%emt 00:00:14]} 28. Kg1 {[%clk 00:37:57]  [%emt 00:00:32]} 28...
Nf3+ {[%clk 00:01:19]  [%emt 00:00:09]} 29. Kh1 { [%clk 00:38:10]  [%emt
00:00:17]} 29... Nxe5 {[%clk 00:01:40]  [%emt 00:00:09]} 30. a5 {[%clk
00:38:05]  [%emt 00:00:34]} 30... Rb8 { [%clk 00:01:05]  [%emt 00:01:05]} 31.
Be2 {[%clk 00:37:45]  [%emt 00:00:49]} 31... Kd6 {[%emt 00:00:35]} 32. Kg1
{[%clk 00:37:13]  [%emt 00:01:03]} 32... f5 {[%clk 00:01:05]  [%emt 00:00:26]}
33. Kf1 {[%clk 00:37:09]  [%emt 00:00:33]} 33... Ng4 {[%clk 00:01:14]  [%emt
00:00:22]} 34. Bxg4 { [%clk 00:37:18]  [%emt 00:00:21]} 34... fxg4 {[%clk
00:01:43]} 35. Kf2 { [%clk 00:37:21]  [%emt 00:00:27]} 35... Ra8 {[%clk
00:01:41]  [%emt 00:00:32]} 36. Ra1 {[%clk 00:37:41]  [%emt 00:00:11]} 36...
Kc6 { [%clk 00:00:42]  [%emt 00:01:29]} 37. Kg3 {[%clk 00:37:51]  [%emt
00:00:20]} 37... Kb7 {[%clk 00:00:38]  [%emt 00:00:33]} 38. a6+ { [%clk
00:37:32]  [%emt 00:00:49]} 38... Ka7 {[%clk 00:00:51]  [%emt 00:00:17]} 39.
Kxg4 {[%clk 00:37:50]  [%emt 00:00:11]} 39... Rf8 { [%clk 00:00:56]  [%emt
00:00:25]} 40. Kg3 {[%clk 00:37:50]  [%emt 00:00:30]} 40... Rf7 {[%clk
00:00:41]  [%emt 00:00:46]} 41. Ra4 { [%clk 00:36:07]  [%emt 00:02:11]} 41...
Rg7+ {[%clk 00:26:13]  [%emt 00:05:01]} 42. Kf3 {[%clk 01:05:51]  [%emt
00:00:46]} 42... Rf7+ { [%clk 00:26:11]  [%emt 00:00:32]} 43. Ke2 {[%clk
01:04:08]  [%emt 00:02:13]} 43... Rg7 {[%clk 00:25:55]  [%emt 00:00:47]} 44. g3
{ [%clk 01:04:19]  [%emt 00:00:19]} 44... Rg4 {[%clk 00:25:33]  [%emt
00:00:51]} 45. b3 {[%clk 01:04:15]  [%emt 00:00:33]} 45... h5 { [%clk 00:07:30]
 [%emt 00:18:35]} 46. Kf3 {[%clk 01:03:54]  [%emt 00:00:50]} 46... e5 {[%clk
00:05:54]  [%emt 00:02:07]} 47. h3 { [%clk 01:03:49]  [%emt 00:00:34]} 47...
e4+ {[%clk 00:05:25]  [%emt 00:00:58]} 48. Kg2 {[%clk 01:03:55]  [%emt
00:00:23]} 48... Rg8 { [%clk 00:04:16]  [%emt 00:01:40]} 49. Rxb4 {[%clk
01:04:13]  [%emt 00:00:12]} 49... Kxa6 {[%clk 00:04:37]  [%emt 00:00:09]} 50.
Rd4 { [%clk 01:04:27]  [%emt 00:00:17]} 50... Rd8 {[%clk 00:03:55]  [%emt
00:01:13]} 51. h4 {[%clk 01:04:45]  [%emt 00:00:12]} 51... Kb6 { [%clk
00:03:39]  [%emt 00:00:45]} 52. Kh3 {[%clk 01:05:02]  [%emt 00:00:13]} 52...
Kc6 {[%clk 00:03:20]  [%emt 00:00:50]} 53. g4 { [%clk 01:05:15]  [%emt
00:00:16]} 53... hxg4+ {[%clk 00:03:14]  [%emt 00:00:37] } 54. Kxg4 {[%clk
01:05:30]  [%emt 00:00:14]} 54... Rg8+ { [%clk 00:03:14]  [%emt 00:00:30]} 55.
Kh3 {[%clk 01:05:27]  [%emt 00:00:33]} 55... Rf8 {[%clk 00:02:39]  [%emt
00:01:06]} 56. Kg4 { [%clk 01:04:17]  [%emt 00:01:41]} 56... Rf3 {[%clk
00:02:56]  [%emt 00:00:12]} 57. h5 {[%clk 01:04:27]  [%emt 00:00:19]} 57...
Rxe3 { [%clk 00:03:15]  [%emt 00:00:12]} 58. h6 {[%clk 01:04:01]  [%emt
00:00:56]} 58... Rxb3 {[%clk 00:03:30]  [%emt 00:00:15]} 59. Kf5 { [%clk
01:03:59]  [%emt 00:00:30]} 59... Rh3 {[%clk 00:02:29]  [%emt 00:01:33]} 60.
Ra4 {[%clk 01:02:46]  [%emt 00:01:41]} 60... e3 { [%clk 00:02:20]  [%emt
00:00:42]} 61. Ra3 {[%clk 01:02:06]  [%emt 00:01:09]} 61... d4 {[%clk 00:01:21]
 [%emt 00:01:28]} 62. Ke4 { [%clk 01:01:57]  [%emt 00:00:38]} 62... e2 {[%clk
00:01:10]  [%emt 00:00:43]} 63. Rxh3 {[%clk 01:02:04]  [%emt 00:00:22]} 63...
e1=Q+ { [%clk 00:01:36]  [%emt 00:00:04]} 64. Kxd4 {[%clk 01:02:07]  [%emt
00:00:27]} 64... Qg1+ {[%clk 00:01:02]  [%emt 00:01:05]} 65. Kc3 { [%clk
01:01:32]  [%emt 00:01:04]} 65... Qa1+ {[%clk 00:00:53]  [%emt 00:00:40]} 66.
Kb3 {[%clk 01:01:15]  [%emt 00:00:46]} 66... Qd1+ { [%clk 00:01:02]  [%emt
00:00:22]} 67. Kb2 {[%clk 01:00:48]  [%emt 00:00:55]} 67... Qe2+ {[%clk
00:01:01]  [%emt 00:00:32]} 68. Kc3 { [%clk 01:00:07]  [%emt 00:01:11]} 68...
Qg4 {[%clk 00:00:43]  [%emt 00:00:49]} 69. Re3 {[%clk 00:59:40]  [%emt
00:00:57]} 69... Qf5 { [%clk 00:00:48]  [%emt 00:00:25]} 70. Re2 {[%clk
00:59:30]  [%emt 00:00:39]} 70... Qf6+ {[%clk 00:01:03]  [%emt 00:00:16]} 71.
Kd3 { [%clk 00:59:23]  [%emt 00:00:37]} 71... Qxh6 {[%clk 00:01:26]  [%emt
00:00:08]} 72. Rc2+ {[%clk 00:59:47]  [%emt 00:00:06]} 72... Kd5 { [%clk
00:01:44]  [%emt 00:00:12]} 73. Re2 {[%clk 00:59:48]  [%emt 00:00:29]} 73...
Qh3+ {[%clk 00:01:59]  [%emt 00:00:15]} 74. Re3 { [%clk 01:00:06]  [%emt
00:00:12]} 74... Qf1+ {[%clk 00:02:14]  [%emt 00:00:15]} 75. Re2 {[%clk
01:00:26]  [%emt 00:00:10]} 75... Qa1 { [%clk 00:01:46]  [%emt 00:00:58]} 76.
Rc2 {[%clk 01:00:32]  [%emt 00:00:24]} 76... Qf1+ {[%clk 00:01:49]  [%emt
00:00:27]} 77. Re2 { [%clk 01:00:49]  [%emt 00:00:13]} 77... Qf5+ {[%clk
00:02:08]  [%emt 00:00:11]} 78. Kc3 {[%clk 01:01:02]  [%emt 00:00:17]} 78...
Qf3+ { [%clk 00:02:25]  [%emt 00:00:13]} 79. Kd2 {[%clk 01:01:27]  [%emt
00:00:05]} 79... Kd4 {[%clk 00:02:43]  [%emt 00:00:12]} 80. Re1 { [%clk
01:01:38]  [%emt 00:00:19]} 80... Qf2+ {[%clk 00:02:15]  [%emt 00:00:58]} 81.
Re2 {[%clk 01:02:02]  [%emt 00:00:06]} 81... Qf4+ { [%clk 00:02:35]  [%emt
00:00:10]} 82. Kd1 {[%clk 01:02:18]  [%emt 00:00:13]} 82... Kd3 {[%clk
00:01:40]} 0-1

[Event "DVM U20w 2020"]
[Site "Willingen GER"]
[Date "2021.06.25"]
[Round "4"]
[White "Flach, Helene"]
[Black "Gossing, Marie-Sophie"]
[Result "1-0"]
[Termination "normal"]
[Board "4.2"]
[WhiteElo "1749"]
[BlackElo "1269"]
[WhiteClock "00:09:44"]
[BlackClock "00:44:20"]
[WhiteTeam "SK Langen"]
[BlackTeam "Lübecker SV von 1873"]
[PlyCount "55"]
[WhiteFideId "12929735"]
[BlackFideId "16217284"]
[EventCountry "GER"]
[EventRounds "7"]
[EventType "team-swiss"]
[EventDate "2021.06.23"]

1. e4 {[%clk 01:30:58]} 1... e5 {[%clk 01:30:51]  [%emt 00:00:11]} 2. Nf3 {
[%clk 01:31:24]  [%emt 00:00:04]} 2... Nf6 {[%clk 01:31:09]  [%emt 00:00:11]}
3. Nxe5 {[%clk 01:31:19]  [%emt 00:00:35]} 3... d6 { [%clk 01:31:19]  [%emt
00:00:20]} 4. Nf3 {[%clk 01:31:46]  [%emt 00:00:04]} 4... Nxe4 {[%clk 01:31:39]
 [%emt 00:00:10]} 5. Qe2 { [%clk 01:31:31]  [%emt 00:00:45]} 5... Qe7 {[%clk
01:31:47]  [%emt 00:00:20]} 6. d3 {[%clk 01:31:55]  [%emt 00:00:08]} 6... Nf6 {
[%clk 01:32:07]  [%emt 00:00:10]} 7. Bg5 {[%clk 01:32:21]  [%emt 00:00:04]}
7... Qxe2+ {[%clk 01:31:20]  [%emt 00:01:17]} 8. Bxe2 { [%clk 01:32:45]  [%emt
00:00:06]} 8... Be7 {[%clk 01:31:34]  [%emt 00:00:15]} 9. Nc3 {[%clk 01:31:10] 
[%emt 00:02:05]} 9... c6 { [%clk 01:29:34]  [%emt 00:02:31]} 10. O-O-O {[%clk
01:26:54]  [%emt 00:04:47]} 10... O-O {[%clk 01:28:42]  [%emt 00:01:22]} 11. d4
{ [%clk 01:09:38]  [%emt 00:17:46]} 11... d5 {[%clk 01:26:36]  [%emt 00:02:36]}
12. Rde1 {[%clk 01:00:17]  [%emt 00:09:51]} 12... Be6 { [%clk 01:24:17]  [%emt
00:02:50]} 13. Bd3 {[%clk 00:57:23]  [%emt 00:03:23]} 13... b5 {[%clk 01:20:26]
 [%emt 00:04:21]} 14. Bh4 { [%clk 00:49:02]  [%emt 00:08:51]} 14... h6 {[%clk
01:12:31]  [%emt 00:08:25]} 15. h3 {[%clk 00:48:08]  [%emt 00:01:24]} 15... a5
{ [%clk 01:11:05]  [%emt 00:01:57]} 16. g4 {[%clk 00:46:54]  [%emt 00:01:43]}
16... Re8 {[%clk 01:02:08]  [%emt 00:09:26]} 17. g5 { [%clk 00:37:10]  [%emt
00:10:14]} 17... hxg5 {[%clk 01:02:10]  [%emt 00:00:29]} 18. Nxg5 {[%clk
00:37:11]  [%emt 00:00:29]} 18... Bd7 { [%clk 01:02:14]  [%emt 00:00:26]} 19.
Nf3 {[%clk 00:27:19]  [%emt 00:10:23]} 19... Na6 {[%clk 00:59:30]  [%emt
00:03:14]} 20. Ne5 { [%clk 00:22:40]  [%emt 00:05:09]} 20... Nb8 {[%clk
00:57:27]  [%emt 00:02:32]} 21. Re3 {[%clk 00:14:29]  [%emt 00:08:41]} 21... a4
{ [%clk 00:51:33]  [%emt 00:06:24]} 22. Rg1 {[%clk 00:10:42]  [%emt 00:04:17]}
22... Nh5 {[%clk 00:47:00]  [%emt 00:05:03]} 23. Nxd7 { [%clk 00:10:18]  [%emt
00:00:53]} 23... Nxd7 {[%clk 00:46:21]  [%emt 00:01:09]} 24. Rxe7 {[%clk
00:10:01]  [%emt 00:00:48]} 24... Rxe7 { [%clk 00:46:42]  [%emt 00:00:09]} 25.
Bxe7 {[%clk 00:10:28]  [%emt 00:00:03]} 25... Re8 {[%clk 00:46:31]  [%emt
00:00:40]} 26. Bd6 { [%clk 00:10:43]  [%emt 00:00:15]} 26... Re6 {[%clk
00:46:33]  [%emt 00:00:29]} 27. Bc7 {[%clk 00:10:27]  [%emt 00:00:46]} 27... g6
{ [%clk 00:44:20]  [%emt 00:02:42]} 28. Bf5 {[%clk 00:09:44]  [%emt 00:01:14]}
1-0